00760cam a22002291 4500001001300000003000400013005001700017008004100034010001700075035001900092040005100111042001200162043001200174050001400186100003700200245008200237260005000319300002700369490006300396490004500459650002600504s 13000058 DLC20260227111910.0780223s1860 dcua f000 0 eng c as 13000058  a(OCoLC)3664068 aSmithsonian Inst. LibrarycNGenoUdNGenoUdDLC apremarc an------00aQ11b.S681 aWhittlesey, Charles,d1808-1886.10aOn fluctuations of level in the North American lakes.cBy Charles Whittlesey. a[Washington,bSmithsonian Institution,c1860] a25 p.bdiagrs.c33 cm.0 aSmithsonian contributions to knowledge. [vol. XII, art. 3]0 aSmithsonian Institution publication 119. 0aLakeszNorth America.